000 01320nam a2200349Ia 4500
001 ebr10150421
003 CaPaEBR
006 m u
007 cr cn|||||||||
008 050317s2006 nyu sb 001 0 eng d
010 _z 2005045945
020 _z1403983356
020 _z1403970440 (alk. paper)
020 _z1403970459 (pbk. : alk. paper)
040 _aCaPaEBR
_cCaPaEBR
035 _a(OCoLC)567962711
050 1 4 _aPN1949.S7
_bE33 2006eb
082 0 4 _a305.3
_222
100 1 _aEgan, R. Danielle.
245 1 0 _aDancing for dollars and paying for love
_h[electronic resource] :
_bthe relationships between exotic dancers and their regulars /
_cby R. Danielle Egan.
260 _aNew York :
_bPalgrave Macmillan,
_cc2006.
300 _axvii, 174 p.
504 _aIncludes bibliographical references and index.
533 _aElectronic reproduction.
_bPalo Alto, Calif. :
_cebrary,
_d2009.
_nAvailable via World Wide Web.
_nAccess may be limited to ebrary affiliated libraries.
650 0 _aStripteasers.
650 0 _aDesire.
650 0 _aSex.
650 0 _aMan-woman relationships.
655 7 _aElectronic books.
_2local
710 2 _aebrary, Inc.
856 4 0 _uhttp://site.ebrary.com/lib/rucke/Doc?id=10150421
_zAn electronic book accessible through the World Wide Web; click to view
999 _c94603
_d94603